Список минералов Якутской области, представленных в коллекции Якутск. городского музея, с указанием их месторождений

Podrobná bibliografie
Hlavní autor: Драверт П. Л. Петр Людвикович
Korporativní autor: Казанский государственный университет Общество естествоиспытателей
Shrnutí:Текст в русской дореформенной орфографии
Печатано по определению Общества Естествоиспытателей при Императорском Казанском университете. Президент Б. Поленов
Jazyk:ruština
Vydáno: Казань, Типо-литография Императорского Университета, 1910
Edice:Приложение к протоколам заседаний общества Естествоиспытателей при Императорском Казанском университете № 254
Témata:
Médium: MixedMaterials Kniha
KOHA link:https://koha.lib.tpu.ru/cgi-bin/koha/opac-detail.pl?biblionumber=358179

MARC

LEADER 00000nam0a2200000 4500
001 358179
005 20231102011052.0
035 |a (RuTPU)RU\TPU\retro\15447 
090 |a 358179 
100 |a 20200813d1910 km y0rusy50 ca 
101 0 |a rus 
102 |a RU 
105 |a y z 001zy 
200 1 |a Список минералов Якутской области, представленных в коллекции Якутск. городского музея, с указанием их месторождений   |f П. Л. Драверт  |g Казанский государственный университет, Общество естествоиспытателей 
210 |a Казань  |c Типо-литография Императорского Университета  |d 1910 
215 |a 25 с. 
225 1 |a Приложение к протоколам заседаний общества Естествоиспытателей при Императорском Казанском университете  |v № 254 
300 |a Текст в русской дореформенной орфографии 
300 |a Печатано по определению Общества Естествоиспытателей при Императорском Казанском университете. Президент Б. Поленов 
316 |5 63413507: 263//316  |a Экземпляр не разрезан 
316 |5 63413507: 263//316  |a На обложке дарственная надпись: "Многоуважаемому профессору Аркадию Валериановичу Лаврскому от автора" 
317 |5 63413507: 263//316  |a Поступил в НТБ в 1945 г. в составе книжного собрания профессора ТПИ А. В. Лаврского 
320 |a Библиография в ссылках 
606 1 |a Минералогические коллекции  |2 stltpush  |3 (RuTPU)RU\TPU\subj\43905  |9 63331 
610 1 |a Якутск 
610 1 |a минералы 
610 1 |a музейные собрания 
610 1 |a музейные коллекции 
610 1 |a месторождения 
610 1 |a сера 
610 1 |a киноварь 
610 1 |a колчеданные руды 
610 1 |a колчеданные руды 
610 1 |a кварц 
610 1 |a аметист 
610 1 |a турмалин 
610 1 |a цеолиты 
610 1 |a глины 
610 1 |a медный купорос 
610 1 |a мрамор 
610 1 |a каменный уголь 
610 1 |a лигниты 
610 1 |a торф 
610 1 |a Коллекция А. В. Лаврского 
610 1 |a дарственные надписи 
610 1 |a дары автора 
675 |a 549  |v 4 
700 1 |a Драверт  |b П. Л.  |c российский минералог  |c поэт  |f 1879-1945  |g Петр Людвикович  |2 stltpush  |3 (RuTPU)RU\TPU\pers\14660  |9 4878 
712 0 2 |a Казанский государственный университет  |b Общество естествоиспытателей  |c (1804-2010)  |2 stltpush  |3 (RuTPU)RU\TPU\col\215 
801 1 |a RU  |b 63413507  |c 20200813 
801 2 |a RU  |b 63413507  |c 20211122  |g RCR 
942 |c BK